Análisis del proceso evolutivo y de las soluciones autónomas: proyecto "El Pepeto" /
Evalúa el comportamiento del modelo de trabajo de la Fundación Salvadoreña de Desarrollo y Vivienda Mínima, en la comunidad "El Pepeto" ciudad de Soyapango. Pretende demostrar que dentro de la realidad social y económica salvadoreña, principalmente en la población de bajos ingresos, existe...
Na minha lista:
| Autor principal: | |
|---|---|
| Autores corporativos: | , , , |
| Outros Autores: | , |
| Formato: | Texto |
| Publicado em: |
San Salvador:
Fundación Salvadoreña de Desarrollo y Vivienda Mínima
|
| Assuntos: | |
| Tags: |
Adicionar Tag
Sem tags, seja o primeiro a adicionar uma tag!
|
MARC
| LEADER | 00000 a a2200000 04500 | ||
|---|---|---|---|
| 001 | 20199 | ||
| 003 | |||
| 040 | |||
| 090 | |a 083300 | ||
| 100 | |a Silva, Mauricio | ||
| 110 | |a Fundación Salvadoreña de Desarrollo y Vivienda Mínima | ||
| 245 | |a Análisis del proceso evolutivo y de las soluciones autónomas: proyecto "El Pepeto" / |c Fundación Salvadoreña de Desarrollo y Vivienda Mínima | ||
| 260 | |a San Salvador: |b Fundación Salvadoreña de Desarrollo y Vivienda Mínima | ||
| 300 | |a 112 p. | ||
| 520 | |a Evalúa el comportamiento del modelo de trabajo de la Fundación Salvadoreña de Desarrollo y Vivienda Mínima, en la comunidad "El Pepeto" ciudad de Soyapango. Pretende demostrar que dentro de la realidad social y económica salvadoreña, principalmente en la población de bajos ingresos, existe una solución al problema habitacional, que además, de adaptarse a su capacidad económica, provoca un ahorro considerable a las familias en relación con costos de producción del sector formal de vivienda. Contiene indicadores económicos y los planos de las viviendas./ACM | ||
| 650 | |a EL SALVADOR | ||
| 650 | |a VIVIENDA | ||
| 650 | |a NECESIDADES DE VIVIENDA | ||
| 650 | |a COOPERATIVAS DE VIVIENDA | ||
| 700 | |a Arteaga, Eugenia Alejandra | ||
| 700 | |a González Polio, Edgardo | ||
| 710 | |a OEA | ||
| 710 | |a BIRF | ||
| 710 | |a CIID | ||
| 999 | |c 15314 |d 15314 | ||
